Project management / (Record no. 1950)
[ view plain ]
| 000 -LEADER | |
|---|---|
| fixed length control field | 00649cam a22002172 4500 |
| 001 - CONTROL NUMBER | |
| control field | 0000001911 |
| 005 - DATE AND TIME OF LATEST TRANSACTION | |
| control field | 20151217145726.0 |
| 008 - FIXED-LENGTH DATA ELEMENTS--GENERAL INFORMATION | |
| fixed length control field | 070329s xx 000 0 eng d |
| 020 ## - INTERNATIONAL STANDARD BOOK NUMBER | |
| International Standard Book Number | 0074600680 : |
| Terms of availability | KES 550 |
| 040 ## - CATALOGING SOURCE | |
| Original cataloging agency | KABU |
| Transcribing agency | KABU |
| 050 #0 - LIBRARY OF CONGRESS CALL NUMBER | |
| Classification number | HD69 |
| Item number | .P75C46 1988 |
| 100 1# - MAIN ENTRY--PERSONAL NAME | |
| Personal name | Choudhury, S. |
| -- | 0000151003 |
| 245 10 - TITLE STATEMENT | |
| Title | Project management / |
| Statement of responsibility, etc. | S. Choudhury. |
| 260 ## - PUBLICATION, DISTRIBUTION, ETC. (IMPRINT) | |
| Place of publication, distribution, etc. | New Delhi : |
| Name of publisher, distributor, etc. | Tata McGraw-Hill, |
| Date of publication, distribution, etc. | c1988. |
| 300 ## - PHYSICAL DESCRIPTION | |
| Extent | 244 p. |
| 650 #0 - SUBJECT ADDED ENTRY--TOPICAL TERM | |
| Topical term or geographic name as entry element | Project management. |
| -- | 0000148291 |
| 908 ## - PUT COMMAND PARAMETER (RLIN) | |
| Put command parameter | 070329 |
| 950 ## - LOCAL HOLDINGS (RLIN) | |
| -- | 1 |
| Withdrawn status | Lost status | Source of classification or shelving scheme | Not for loan | Home library | Current library | Date acquired | Total Checkouts | Full call number | Barcode | Date last seen | Date last checked out | Price effective from | Koha item type |
|---|---|---|---|---|---|---|---|---|---|---|---|---|---|
| Library of Congress Classification | Kabarak, Main Campus | Kabarak, Main Campus | 17/12/2015 | 1 | HD69 .P75C46 1988 c.3 | 001644 | 02/08/2024 | 15/07/2016 | 17/12/2015 | General Collection | |||
| Library of Congress Classification | Kabarak, Main Campus | Kabarak, Main Campus | 17/12/2015 | 1 | HD69 .P75C46 1988 | 001642 | 06/02/2025 | 03/02/2025 | 17/12/2015 | General Collection | |||
| Library of Congress Classification | Kabarak, Main Campus | Kabarak, Main Campus | 17/12/2015 | HD69 .P75C46 1988 | 001643 | 02/08/2024 | 17/12/2015 | General Collection | |||||
| Library of Congress Classification | Kabarak, Main Campus | Kabarak, Main Campus | 17/12/2015 | 2 | HD69 .P75C46 1988 | 001645 | 02/08/2024 | 12/10/2021 | 17/12/2015 | General Collection |